| 000 | 01268cam a2200349 a 4500 | ||
|---|---|---|---|
| 001 | 2521989 | ||
| 003 | ARRUPE | ||
| 005 | 20151026161118.0 | ||
| 008 | 930519s1993 inu b 000 0aeng | ||
| 010 | _a 93004931 | ||
| 020 | _a0872201872 | ||
| 020 | _a0872201864 (pbk.) | ||
| 040 |
_aDLC _cDLC _dDLC |
||
| 041 | 1 |
_aeng _hlat |
|
| 043 | _af-ae--- | ||
| 050 | 0 | 0 |
_aBR65.A6 _bE5 1993 |
| 082 | 0 | 0 |
_a270.2/092 _aB _221 |
| 100 | 0 |
_aAugustine, _cSaint, Bishop of Hippo. _920563 |
|
| 240 | 1 | 0 |
_aConfessiones. _lEnglish |
| 245 | 1 | 0 |
_aConfessions : _bbooks I-XIII / _cAugustine ; translated by F.J. Sheed ; introduced by Peter Brown. |
| 250 | _aRev. ed. | ||
| 260 |
_aIndianapolis : _bHackett Pub. Co., _cc1993. |
||
| 300 |
_axxxi, 296 p. ; _c22 cm. |
||
| 504 | _aIncludes bibliographical references. | ||
| 600 | 0 | 0 |
_aAugustine, _cSaint, Bishop of Hippo. _920563 |
| 650 | 0 |
_aChristian saints _zAlgeria _zHippo (Extinct city) _xBiography. _920564 |
|
| 700 | 1 |
_aSheed, F. J. _q(Francis Joseph), _d1897-1981. _94485 |
|
| 700 | 1 |
_aBrown, Peter, _d1935- _913577 |
|
| 906 |
_a7 _bcbc _corignew _d1 _eocip _f19 _gy-gencatlg |
||
| 942 |
_2lcc _cMONOGRAPH |
||
| 999 |
_c123618 _d123618 |
||